[Event "FRA-ch U18"]
[Site "Pau"]
[Date "2015.05.03"]
[Round "9"]
[White "Kambrath, Yannick"]
[Black "Veys, Vincent"]
[Result "0-1"]
[WhiteElo "2401"]
[BlackElo "2341"]
[PlyCount "166"]
[EventDate "2015.04.26"]
[EventType "swiss"]
[EventRounds "9"]
[EventCountry "FRA"]
[SourceTitle "CBM 166 Extra"]
[Source "ChessBase"]
[SourceDate "2015.06.18"]
[SourceVersion "1"]
[SourceVersionDate "2015.06.18"]
[SourceQuality "1"]

1. d4 d5 2. c4 c6 3. Nf3 Nf6 4. e3 Bg4 5. h3 Bh5 6. cxd5 Bxf3 7. Qxf3 cxd5 8. Nc3 e6 9. Bd3 Nc6 10. 0-0 Be7 11. Qe2 0-0 12. Bd2 Qd7 13. Rad1 a6 14. Be1 b5 15. f3 Bd6 16. Bh4 Ne8 17. Bc2 Bb8 18. e4 Ba7 19. Bf2 Nc7 20. e5 Ne8 21. Rfe1 Rc8 22. Kh1 Qc7 23. Bb1 Bb8 24. Bg1 Qd7 25. f4 f5 26. Qd3 g6 27. Bf2 Ba7 28. Qd2 Rf7 29. Ne2 Qd8 30. Rc1 Rfc7 31. Rc2 Bb6 32. Rec1 Na7 33. Be3 Rxc2 34. Rxc2 Rxc2 35. Bxc2 Qc7 36. Bd3 Ba5 37. Qd1 Qc6 38. g4 Ng7 39. Kg2 Nc8 40. Ng3 Ne7 41. Kf1 Bb6 42. Qd2 Qc7 43. Ke2 Nc6 44. Qc3 Kf7 45. Kf3 b4 46. Qd2 Bxd4 47. Bxa6 Qb6 48. Bd3 Bc5 49. Ne2 Ne8 50. Bxc5 Qxc5 51. Qc2 Nd4+ 52. Nxd4 Qxd4 53. Bb5 h6 54. gxf5 gxf5 55. Ba4 Qe4+ 56. Qxe4 fxe4+ 57. Ke3 Ng7 58. Bb5 Nf5+ 59. Kd2 Ke7 60. Be2 Kd7 61. Bg4 Ng7 62. h4 h5 63. Bh3 Kc6 64. Ke3 Kc5 65. a3 bxa3 66. bxa3 Kc4 67. a4 Kb4 68. f5 exf5 69. e6 Kc3 70. Ke2 Nxe6 71. Bf1 d4 72. a5 d3+ 73. Ke3 d2 74. Be2 Kc2 75. Bxh5 Nc7 76. Be2 Nd5+ 77. Kf2 e3+ 78. Kf3 d1Q 79. Bxd1+ Kxd1 80. a6 e2 81. a7 Nc7 82. Kf4 e1Q 83. Kxf5 Qxh4 0-1

[Event "Oberliga Baden 1415"]
[Site "Baden"]
[Date "2014.09.21"]
[Round "1.5"]
[White "Veys, Vincent"]
[Black "Ruefenacht, Matthias"]
[Result "1-0"]
[WhiteElo "2300"]
[BlackElo "2317"]
[PlyCount "69"]
[EventDate "2014.09.21"]
[EventType "team-tourn"]
[EventRounds "9"]
[EventCountry "GER"]
[SourceTitle "EXT 2016"]
[Source "ChessBase"]
[SourceDate "2015.10.08"]
[SourceVersion "1"]
[SourceVersionDate "2015.10.08"]
[SourceQuality "1"]
[WhiteTeam "Baden-Baden III"]
[BlackTeam "Brombach"]
[WhiteTeamCountry "GER"]
[BlackTeamCountry "GER"]

1. e4 c6 2. Nc3 d5 3. Nf3 Bg4 4. h3 Bxf3 5. Qxf3 Nf6 6. d3 e6 7. a3 Nbd7 8. g3 Bc5 9. Bg2 Qc7 10. 0-0 0-0 11. Kh2 Ne8 12. Qe2 f5 13. f4 Nd6 14. e5 Nf7 15. Na4 Be7 16. c4 Nc5 17. Nxc5 Bxc5 18. b4 Bd4 19. Bb2 Bxb2 20. Qxb2 g5 21. Rfc1 Qe7 22. Qf2 gxf4 23. gxf4 Kh8 24. cxd5 cxd5 25. Rc5 b6 26. Rc6 Rac8 27. Rac1 Rxc6 28. Rxc6 Kg8 29. Bf3 Nh8 30. Qg2+ Ng6 31. Rxe6 Qg7 32. Bxd5 Kh8 33. Qg5 Rg8 34. Rxg6 Qxg6 35. Bxg8 1-0

[Event "Baden-Alsace"]
[Site "Hockenheim"]
[Date "2014.09.14"]
[Round "1.6"]
[White "Herbrechtsmeier, Christof"]
[Black "Veys, Vincent"]
[Result "1-0"]
[WhiteElo "2254"]
[BlackElo "2300"]
[PlyCount "73"]
[EventDate "2014.09.14"]
[EventType "team-match"]
[EventRounds "5"]
[EventCountry "GER"]
[SourceTitle "EXT 2015"]
[Source "ChessBase"]
[SourceDate "2014.11.20"]
[SourceVersion "1"]
[SourceVersionDate "2014.11.20"]
[SourceQuality "1"]
[WhiteTeam "Baden"]
[BlackTeam "Alsace"]
[WhiteTeamCountry "GER"]
[BlackTeamCountry "FRA"]

1. e4 e5 2. Nf3 Nc6 3. Bc4 Nf6 4. Ng5 d5 5. exd5 Na5 6. Bb5+ c6 7. dxc6 bxc6 8. Be2 h6 9. Nf3 e4 10. Ne5 Bc5 11. c3 Qc7 12. f4 Nb7 13. b4 Bd6 14. d4 exd3 15. Qxd3 0-0 16. 0-0 a5 17. Qg3 axb4 18. cxb4 Ne4 19. Qb3 Be6 20. Nc4 Rfe8 21. Be3 c5 22. Nbd2 Nxd2 23. Bxd2 cxb4 24. Rac1 Na5 25. Nxd6 Qxc1 26. Qxb4 Qc6 27. Bf3 Qd7 28. Nxe8 Nc6 29. Qd6 Rxe8 30. Qxc6 Qd4+ 31. Rf2 Rc8 32. Qe4 Qa1+ 33. Rf1 Qxa2 34. Qd4 Rc4 35. Qd8+ Kh7 36. Qd3+ f5 37. Bd5 1-0

[Event "Vaujany op 5th"]
[Site "Vaujany"]
[Date "2014.07.10"]
[Round "1.1"]
[White "Istratescu, Andrei"]
[Black "Veys, Vincent"]
[Result "1-0"]
[WhiteElo "2670"]
[BlackElo "2202"]
[PlyCount "39"]
[EventDate "2014.07.10"]
[EventType "swiss"]
[EventRounds "9"]
[EventCountry "FRA"]
[SourceTitle "EXT 2017"]
[Source "ChessBase"]
[SourceDate "2016.10.25"]
[SourceVersion "1"]
[SourceVersionDate "2016.10.25"]
[SourceQuality "1"]

1. d4 d5 2. Bg5 Nf6 3. Bxf6 exf6 4. e3 Bd6 5. c4 dxc4 6. Bxc4 0-0 7. Nc3 c5 8. dxc5 Bxc5 9. Bxf7+ Kxf7 10. Qh5+ Kg8 11. Qxc5 b6 12. Qc4+ Rf7 13. Rd1 Qe8 14. Nb5 Ba6 15. Qxf7+ Kxf7 16. Nd6+ Ke7 17. Nxe8 Kxe8 18. Nf3 Nd7 19. b4 Bc4 20. Rd4 1-0

[Event "FRA-ch U16"]
[Site "Montbeliard"]
[Date "2014.04.26"]
[Round "8"]
[White "Veys, Vincent"]
[Black "Ek, Alexandre"]
[Result "1-0"]
[WhiteElo "2201"]
[BlackElo "2022"]
[PlyCount "77"]
[EventDate "2014.04.20"]
[EventType "swiss"]
[EventRounds "9"]
[EventCountry "FRA"]
[SourceTitle "CBM 160 Extra"]
[Source "ChessBase"]
[SourceDate "2014.07.01"]
[SourceVersion "1"]
[SourceVersionDate "2014.07.01"]
[SourceQuality "1"]

1. e4 c5 2. Nf3 a6 3. Nc3 Nc6 4. d4 cxd4 5. Nxd4 e6 6. Nxc6 bxc6 7. e5 Qa5 8. f4 Bb4 9. Bd2 Bxc3 10. Bxc3 Qc7 11. Bd3 Ne7 12. f5 exf5 13. 0-0 Nd5 14. Bd4 c5 15. c4 Ne7 16. Bc3 g6 17. Qe1 Rg8 18. Qh4 h5 19. Rad1 Bb7 20. Qg5 Qc6 21. Be2 Qc7 22. Rd6 Nc6 23. Rxf5 Qd8 24. Rff6 Qe7 25. Bf3 Nd8 26. Bxb7 Nxb7 27. Rd5 Nd8 28. Qe3 Ne6 29. Rf1 Rb8 30. Rfd1 Rb7 31. Rd6 Ra7 32. b4 Kf8 33. bxc5 Rc7 34. Ba5 Rxc5 35. Rxe6 Qxe6 36. Qxc5+ Kg7 37. Qd5 Qg4 38. Rf1 Rf8 39. Bb4 1-0

[Event "FRA-ch U16"]
[Site "Montbeliard"]
[Date "2014.04.22"]
[Round "4"]
[White "Veys, Vincent"]
[Black "Philippe, Guillaume"]
[Result "1/2-1/2"]
[WhiteElo "2201"]
[BlackElo "1792"]
[PlyCount "203"]
[EventDate "2014.04.20"]
[EventType "swiss"]
[EventRounds "9"]
[EventCountry "FRA"]
[SourceTitle "CBM 160 Extra"]
[Source "ChessBase"]
[SourceDate "2014.07.01"]
[SourceVersion "1"]
[SourceVersionDate "2014.07.01"]
[SourceQuality "1"]

1. e4 c5 2. Nf3 e6 3. d4 cxd4 4. Nxd4 a6 5. Bd3 Nf6 6. Nc3 d6 7. 0-0 Be7 8. Be3 Qc7 9. f4 Nbd7 10. Nb3 b5 11. a3 Bb7 12. Qe1 0-0 13. Qg3 Rfe8 14. Rae1 Kh8 15. Qh3 e5 16. fxe5 Nxe5 17. Nd4 Nfg4 18. Kh1 Nxe3 19. Rxe3 g6 20. Nf3 Bf6 21. Qg3 Nxf3 22. Qxf3 Bxc3 23. bxc3 f5 24. Qf4 fxe4 25. Bxe4 Bxe4 26. Rxe4 Rf8 27. Qxf8+ Rxf8 28. Rxf8+ Kg7 29. Rf3 d5 30. Re6 a5 31. h3 Qc5 32. Re1 Qxa3 33. Rd1 Qc5 34. Rfd3 a4 35. Rxd5 Qxc3 36. Rxb5 Qxc2 37. Ra1 Qc3 38. Rbb1 a3 39. Ra2 h5 40. Rba1 Kh6 41. Rxa3 Qe5 42. Ra4 Qc3 43. Rd1 Qc2 44. Rad4 Qc3 45. Kh2 Qc7+ 46. g3 Qc2+ 47. R1d2 Qc3 48. h4 Qc7 49. Rd7 Qc6 50. Rf7 Qc3 51. Rdd7 Qh8 52. Rb7 Qg8 53. Kg2 Qh8 54. Kf1 Qa1+ 55. Ke2 Qe5+ 56. Kf3 Qc3+ 57. Kg2 Qh8 58. Kh3 Qc8+ 59. Kh2 Qh8 60. Kg2 Qg8 61. Ra7 Qh8 62. Kf1 Qg8 63. Rab7 Qh8 64. Ke2 Qe5+ 65. Kd2 Qd4+ 66. Kc2 Qh8 67. Kd3 Qd8+ 68. Rbd7 Qh8 69. Ke4 Qe8+ 70. Rfe7 Qg8 71. Ke5 Qh8+ 72. Ke6 Qg8+ 73. Kd6 Qb8+ 74. Rc7 Qd8+ 75. Ke5 Qh8+ 76. Ke4 Qg8 77. Rf7 Qh8 78. Rb7 Qe8+ 79. Kd5 Qg8 80. Rbd7 Qa8+ 81. Kc5 Qc8+ 82. Rc7 Qh8 83. Kd6 Qd8+ 84. Ke6 Qe8+ 85. Kf6 Qd8+ 86. Ke6 Qe8+ 87. Rfe7 Qg8+ 88. Kd6 Qd8+ 89. Kc6 Qa8+ 90. Kb6 Qb8+ 91. Rb7 Qd8+ 92. Ka6 Qa8+ 93. Kb5 Qh8 94. Kc4 Qg8+ 95. Kd3 Qd8+ 96. Ke4 Qh8 97. Rh7+ Qxh7 98. Rxh7+ Kxh7 99. Ke5 Kg7 100. Ke6 g5 101. Kf5 gxh4 102. gxh4 1/2-1/2

[Event "Vaujany op 4th"]
[Site "Vaujany"]
[Date "2013.07.16"]
[Round "6"]
[White "Veys, Vincent"]
[Black "Doncea, Vladimir"]
[Result "0-1"]
[WhiteElo "2129"]
[BlackElo "2423"]
[PlyCount "70"]
[EventDate "2013.07.11"]
[EventType "swiss"]
[EventRounds "9"]
[EventCountry "FRA"]
[SourceTitle "EXT 2014"]
[Source "ChessBase"]
[SourceDate "2013.11.20"]
[SourceVersion "1"]
[SourceVersionDate "2013.11.20"]
[SourceQuality "1"]

1. e4 c6 2. Nc3 d5 3. Nf3 g6 4. d4 Bg7 5. Be2 dxe4 6. Nxe4 Bf5 7. Ng3 Bg4 8. Be3 Nd7 9. h3 Bxf3 10. Bxf3 Nb6 11. b3 Nd5 12. Bxd5 Qa5+ 13. Qd2 Qxd2+ 14. Kxd2 cxd5 15. Rhe1 e6 16. c3 Ne7 17. Bf4 Kd7 18. Ne2 h5 19. Nc1 f6 20. Nd3 b6 21. Re2 g5 22. Bh2 Nf5 23. Rae1 Rae8 24. f3 Nh4 25. Bg3 Ng6 26. c4 dxc4 27. bxc4 Bh6 28. Kc3 Re7 29. a4 Rc8 30. a5 Bg7 31. axb6 axb6 32. Rb1 e5 33. dxe5 fxe5 34. Re4 Nf4 35. Rxb6 Nd5+ 0-1

[Event "Vaujany op 4th"]
[Site "Vaujany"]
[Date "2013.07.14"]
[Round "4"]
[White "Veys, Vincent"]
[Black "Solozhenkin, Evgeniy"]
[Result "0-1"]
[WhiteElo "2129"]
[BlackElo "2458"]
[PlyCount "70"]
[EventDate "2013.07.11"]
[EventType "swiss"]
[EventRounds "9"]
[EventCountry "FRA"]
[SourceTitle "EXT 2014"]
[Source "ChessBase"]
[SourceDate "2013.11.20"]
[SourceVersion "1"]
[SourceVersionDate "2013.11.20"]
[SourceQuality "1"]

1. e4 d6 2. d4 Nf6 3. Nc3 g6 4. f4 Bg7 5. a3 0-0 6. Nf3 c5 7. dxc5 Qa5 8. b4 Qc7 9. Bb2 dxc5 10. e5 Nh5 11. Nd5 Qd8 12. g3 cxb4 13. axb4 e6 14. Nc3 Qe7 15. Qd6 Qxd6 16. exd6 b6 17. Be2 Bb7 18. 0-0 Nc6 19. b5 Nd4 20. Ne5 Rfd8 21. Bxh5 gxh5 22. Rad1 Rxd6 23. Ba3 Rdd8 24. Be7 Bxe5 25. Bxd8 Bg7 26. Be7 Re8 27. Bd6 Nf3+ 28. Rxf3 Bxf3 29. Rd3 Bb7 30. Bb4 Rc8 31. Na4 Be4 32. Rd7 Bxc2 33. Rxa7 Bd4+ 34. Kg2 Be4+ 35. Kh3 Rc2 0-1

[Event "Cappelle op 29th"]
[Site "Cappelle la Grande"]
[Date "2013.02.25"]
[Round "3"]
[White "Veys, Vincent"]
[Black "Glud, Jakob Vang"]
[Result "0-1"]
[WhiteElo "2109"]
[BlackElo "2514"]
[PlyCount "66"]
[EventDate "2013.02.23"]
[EventType "swiss"]
[EventRounds "9"]
[EventCountry "FRA"]
[SourceTitle "CBM 153 Extra"]
[Source "ChessBase"]
[SourceDate "2013.04.22"]
[SourceVersion "1"]
[SourceVersionDate "2013.04.22"]
[SourceQuality "1"]

1. e4 e5 2. Nf3 Nc6 3. Bb5 a6 4. Ba4 Nf6 5. 0-0 Be7 6. Re1 b5 7. Bb3 d6 8. c3 0-0 9. h3 Nb8 10. d4 Nbd7 11. Nbd2 c5 12. Nf1 Re8 13. Ng3 Bf8 14. Bc2 cxd4 15. cxd4 exd4 16. Nxd4 d5 17. Bg5 Bb7 18. e5 Rxe5 19. Rxe5 Nxe5 20. Nh5 Ned7 21. Qf3 h6 22. Bh4 g5 23. Bg3 Nxh5 24. Qxh5 Nf6 25. Qf3 Ne4 26. Qd3 Qf6 27. Nb3 Bg7 28. Re1 Rc8 29. Bb1 Qxb2 30. Qf3 Qc3 31. Rc1 Qxf3 32. Rxc8+ Bxc8 33. gxf3 Nc3 0-1

[Event "Marseille op 5th"]
[Site "Marseille"]
[Date "2012.12.27"]
[Round "5"]
[White "Veys, Vincent"]
[Black "Riff, Vincent"]
[Result "1/2-1/2"]
[WhiteElo "2078"]
[BlackElo "2340"]
[PlyCount "40"]
[EventDate "2012.12.26"]
[EventType "swiss"]
[EventRounds "9"]
[EventCountry "FRA"]
[SourceTitle "EXT 2014"]
[Source "ChessBase"]
[SourceDate "2013.11.20"]
[SourceVersion "1"]
[SourceVersionDate "2013.11.20"]
[SourceQuality "1"]

1. e4 e6 2. d4 d5 3. Nd2 c5 4. exd5 Qxd5 5. Ngf3 cxd4 6. Bc4 Qd6 7. 0-0 Nf6 8. Nb3 Nc6 9. Nbxd4 Nxd4 10. Qxd4 Bd7 11. Bf4 Qxd4 12. Nxd4 Rc8 13. Be2 Bc5 14. Nb3 Bb6 15. c4 Bc6 16. Rad1 0-0 17. Nd4 Be4 18. Nb5 Bc6 19. Nd4 Be4 20. Nb5 Bc6 1/2-1/2

[Event "Marseille op 5th"]
[Site "Marseille"]
[Date "2012.12.27"]
[Round "3"]
[White "Veys, Vincent"]
[Black "Thomas, Apolline"]
[Result "1-0"]
[WhiteElo "2078"]
[BlackElo "1775"]
[PlyCount "99"]
[EventDate "2012.12.26"]
[EventType "swiss"]
[EventRounds "9"]
[EventCountry "FRA"]
[SourceTitle "EXT 2014"]
[Source "ChessBase"]
[SourceDate "2013.11.20"]
[SourceVersion "1"]
[SourceVersionDate "2013.11.20"]
[SourceQuality "1"]

1. e4 e5 2. Nf3 Nc6 3. Bb5 a6 4. Ba4 Nf6 5. 0-0 b5 6. Bb3 Bc5 7. a4 Rb8 8. c3 d6 9. d4 Bb6 10. a5 Ba7 11. h3 h6 12. Be3 Ra8 13. Bd5 Nxd5 14. exd5 Ne7 15. dxe5 dxe5 16. Bxa7 Rxa7 17. Nxe5 Qxd5 18. Qxd5 Nxd5 19. Nc6 Ra8 20. Re1+ Kf8 21. Nd2 Bb7 22. Ne5 Nf4 23. f3 f6 24. Nd7+ Kf7 25. Nc5 Bc6 26. Ndb3 Rhd8 27. Nd4 Bd5 28. Rad1 g6 29. Kf2 Rd6 30. Re3 Re8 31. Rxe8 Kxe8 32. h4 Kf7 33. g3 Nh5 34. Nc2 Ng7 35. Ne3 Ba8 36. Rxd6 cxd6 37. Nxa6 Ne6 38. Nc2 Ke7 39. Nd4 Nxd4 40. cxd4 Kd7 41. Nb4 d5 42. Ke3 Kd6 43. Kd3 g5 44. hxg5 fxg5 45. g4 Kd7 46. Nc2 Ke6 47. Ke3 Ke7 48. f4 gxf4+ 49. Kxf4 Kf6 50. Na3 1-0

[Event "FRA-chT U20 GpA 1213"]
[Site "France"]
[Date "2012.12.02"]
[Round "2"]
[White "Veys, Vincent"]
[Black "Venard, Paul Andre"]
[Result "0-1"]
[WhiteElo "2047"]
[BlackElo "1868"]
[PlyCount "66"]
[EventDate "2012.12.01"]
[EventType "team"]
[EventRounds "7"]
[EventCountry "FRA"]
[SourceTitle "EXT 2014"]
[Source "ChessBase"]
[SourceDate "2013.11.20"]
[SourceVersion "1"]
[SourceVersionDate "2013.11.20"]
[SourceQuality "1"]
[WhiteTeam "Mulhouse (U20)"]
[BlackTeam "Nancy (U20)"]
[WhiteTeamCountry "FRA"]
[BlackTeamCountry "FRA"]

1. e4 e6 2. d4 d5 3. Nd2 Nf6 4. e5 Nfd7 5. Bd3 c5 6. c3 Nc6 7. Ne2 cxd4 8. cxd4 f6 9. exf6 Nxf6 10. 0-0 Bd6 11. Nf3 0-0 12. Bf4 Nh5 13. Bxd6 Qxd6 14. Ng3 Nf4 15. Bc2 Bd7 16. Re1 Nb4 17. Bb1 Bb5 18. Ne5 Qa6 19. Qg4 Bd3 20. Nd7 Rf7 21. Nc5 Qc4 22. Nxe6 Re8 23. Bxd3 Nbxd3 24. Nxg7 Rxe1+ 25. Rxe1 Nxe1 26. N7f5+ Ng6 27. Nh6+ Kf8 28. Qe6 Nf3+ 29. gxf3 Qc1+ 30. Nf1 Qxh6 31. Qxd5 Nh4 32. Ng3 Qc1+ 33. Nf1 Rg7+ 0-1

[Event "FRA-chT U20"]
[Site "France"]
[Date "2012.05.27"]
[Round "?"]
[White "Cogan, Nicolas"]
[Black "Veys, Vincent"]
[Result "1/2-1/2"]
[WhiteElo "1899"]
[BlackElo "2002"]
[PlyCount "109"]
[EventDate "2012.05.26"]
[EventType "team-swiss"]
[EventRounds "9"]
[EventCountry "FRA"]
[SourceTitle "EXT 2014"]
[Source "ChessBase"]
[SourceDate "2013.11.20"]
[SourceVersion "1"]
[SourceVersionDate "2013.11.20"]
[SourceQuality "1"]

1. d4 d5 2. c4 c6 3. Nc3 dxc4 4. a4 e5 5. e3 exd4 6. exd4 Be6 7. Nf3 Nf6 8. Be2 Bb4 9. 0-0 0-0 10. Qc2 Bg4 11. Na2 Bd6 12. Qxc4 Nd5 13. Nc3 Be6 14. Qd3 h6 15. Ne5 Qc7 16. f4 Nb4 17. Qb1 c5 18. Be3 Bb3 19. Nb5 Qd8 20. Nxd6 cxd4 21. Nxb7 Qb6 22. a5 Qxb7 23. Bxd4 N8c6 24. Bf3 Bd5 25. Bxd5 Nxd5 26. Bc5 Rfe8 27. Nxc6 Qxc6 28. b4 Re2 29. Ra2 Nc3 30. Rxe2 Nxb1 31. Rxb1 a6 32. Rbe1 Rd8 33. h3 Qb5 34. f5 Qd7 35. f6 gxf6 36. Kh1 Qc6 37. Re3 Rd7 38. Rg3+ Kh7 39. Rf1 Qe6 40. Rgf3 Qe4 41. Kh2 f5 42. Kh1 Qe6 43. Rxf5 Kg7 44. R5f4 h5 45. Rf5 Qg6 46. R5f2 Rd5 47. Be7 f5 48. Bc5 Kf7 49. Re1 Rd7 50. Rfe2 Qg3 51. Rf1 Qd3 52. Rfe1 Qc4 53. Re5 Qc2 54. Re8 Rd1 55. R8e7+ 1/2-1/2